Building a house / (Record no. 9434)

MARC details
000 -LEADER
fixed length control field 00835nam a22002777a 4500
001 - CONTROL NUMBER
control field 9434
003 - CONTROL NUMBER IDENTIFIER
control field FISKH
005 - DATE AND TIME OF LATEST TRANSACTION
control field 20260106160500.0
008 - FIXED-LENGTH DATA ELEMENTS--GENERAL INFORMATION
fixed length control field 260106b cb ||||| |||| 00| 0 eng d
020 ## - INTERNATIONAL STANDARD BOOK NUMBER
International Standard Book Number 0333450620
040 ## - CATALOGING SOURCE
Original cataloging agency FISKH
Language of cataloging eng
Transcribing agency FISKH
Modifying agency FISKH
050 ## - LIBRARY OF CONGRESS CALL NUMBER
Classification number PZ7
082 ## - DEWEY DECIMAL CLASSIFICATION NUMBER
Classification number 728
100 ## - MAIN ENTRY--PERSONAL NAME
Personal name Thomas, Ron
Relator term Author
245 ## - TITLE STATEMENT
Title Building a house /
Statement of responsibility, etc. Ron Thomas and Jan Stutchbury ; Illustrated by Sharyn Madder
260 ## - PUBLICATION, DISTRIBUTION, ETC.
Place of publication, distribution, etc. Brisbane :
Name of publisher, distributor, etc. The Macmillan Company ,
Date of publication, distribution, etc. 1988
300 ## - PHYSICAL DESCRIPTION
Extent 30 pages :
Other physical details color illustrations ;
Dimensions 21 cm
505 ## - FORMATTED CONTENTS NOTE
Formatted contents note G<br/>
520 ## - SUMMARY, ETC.
Summary, etc. A book talks about kinds of constructions for beginner readers.
521 8# - TARGET AUDIENCE NOTE
Target audience note 370<br/>
Source Lexile estimate<br/>
521 8# - TARGET AUDIENCE NOTE
Target audience note G<br/>
Source Raz-Plus<br/>
650 ## - SUBJECT ADDED ENTRY--TOPICAL TERM
Topical term or geographic name entry element Construction
Form subdivision Occupations
700 ## - ADDED ENTRY--PERSONAL NAME
Personal name Madder, Sharyn
Relator term Illustrator
942 ## - ADDED ENTRY ELEMENTS (KOHA)
Source of classification or shelving scheme Dewey Decimal Classification
Koha item type Books
Suppress in OPAC No
Holdings
Withdrawn status Lost status Source of classification or shelving scheme Damaged status Not for loan Collection Home library Current library Shelving location Date acquired Total Checkouts Full call number Barcode Date last seen Copy number Price effective from Koha item type
    Dewey Decimal Classification     Non-Fiction Footprints International School Library Network Toul Tom Poung Campus Footprints International School Library Network Toul Tom Poung Campus TTP Primary Green Bookshelves 01/06/2026   THO 728 PZ7 FIS02443 01/06/2026 1 01/06/2026 Books